The history of the damnable popish plot, in its various branches and progress /

Bibliographic Details
Main Author: Care, Henry, 1646-1688
Other Authors: Robinson, 17th cent
Format: eBook
Language:English
Published: London : Printed for B.R., L.W., H.C., and are to be sold by Langley Curtiss ..., 1681.
Edition:The second edition corrected and amended.
Series:Early English books online.
Subjects:
Online Access:Connect to the full text of this electronic book

MARC

Tag First Indicator Second Indicator Subfields
LEADER 00000nam a2200000Ia 4500
001 in00004266322
005 20200810073143.0
006 m g d
007 cr bn |||a|bb|
008 850710s1681 enk o 00| | eng d
035 |a (OCoLC)12248258 
040 |a EAA  |c EAA  |d m/c  |d WaOLN 
037 |a CL0037000018  |b ProQuest Information and Learning. 300 N. Zeeb Rd., Ann Arbor, MI 48106 
043 |a e-uk-en 
045 0 |b d1678 
049 |a UMIA 
100 1 |a Care, Henry,  |d 1646-1688. 
245 1 4 |a The history of the damnable popish plot, in its various branches and progress /  |c published, for the satisfaction of the present and future ages, by the author of the Weekly pacquet of advice from Rome. 
250 |a The second edition corrected and amended. 
260 |a London :  |b Printed for B.R., L.W., H.C., and are to be sold by Langley Curtiss ...,  |c 1681. 
300 |a 1 online resource ([16], 192, 209-343, [1] pages) 
336 |a text  |b txt  |2 rdacontent 
337 |a computer  |b c  |2 rdamedia 
338 |a online resource  |b cr  |2 rdacarrier 
500 |a Advertisement: pages [1] at end. 
500 |a Ascribed to Henry Care and Robinson. Cf. Arber's Term cat., volume 1, pages 524; Halkett and Laing, volume 3, pages 79. 
500 |a Reproduction of original in Bodleian Library. 
510 4 |a Wing  |c C523 
533 |a Electronic reproduction.  |b Ann Arbor, Mich. :  |c UMI,  |d 1999-  |f (Early English books online)  |n Digital version of: (Early English books, 1641-1700 ; 623:10)  |7 s1999 miun s 
650 0 |a Popish Plot, 1678. 
700 1 |a Robinson,  |d 17th cent. 
830 0 |a Early English books online. 
856 4 0 |u http://proxy.library.tamu.edu/login?url=https://search.proquest.com/docview/2240953970  |z Connect to the full text of this electronic book  |t 0 
999 f f |s bafff9a6-4084-35a2-85b1-c7055a4db541  |i e32135d4-fc8d-38b6-8272-7ab7a42024c7  |t 0 
952 f f |a Texas A&M University  |b College Station  |c Electronic Resources  |d Available Online  |t 0  |h No information provided 
998 f f |t 0  |l Available Online